| 000 | 00411 a2200157 4500 | ||
|---|---|---|---|
| 003 | OSt | ||
| 005 | 20180116182745.0 | ||
| 008 | 160428b xxu||||| |||| 00| 0 eng d | ||
| 020 | _a8129709287 | ||
| 040 | _c0 | ||
| 100 | _aScott Hunter | ||
| 245 | _aMaking work work a leader guide to creating an extoaordinary organization | ||
| 260 |
_aDelhi _c2004 |
||
| 300 | _a222 | ||
| 942 |
_aNBS _cBK _k658.40922 HUN _2ddc |
||
| 999 |
_c345456 _d345456 |
||